000 01049aam a2200325 i 4500
999 _c46044
_d46044
001 768714001
003 CO-MdFUSB
005 20201026183143.0
007 ta
008 200517t1961 enka|||| |||| 00| 0 eng d
020 _a[No incluye ISBN]
040 _bspa.
_aCO-MdFUSB
_cCO-MdFUSB
_dCO-MdFUSBC
_erda
041 _aeng
082 _223
_a226.507
_bS915
100 1 _aStreeter, Burnett Hillman
_eautor
245 1 4 _aThe four gospels :
_ba study of origins
_c/ Burnett Hillman Streeter
264 1 _aLondres :
_bMacmillan and Co. Limited,
_c[1961]
264 4 _c© 1961
300 _axiv, 622 páginas
_c; 23 cm
336 _atexto
_btxt
_2rdacontent
337 _2rdamedia
_asin mediación
_bn
338 _2rdacarrier
_avolumen
_bnc
505 _aLa tradición manuscrita - El problema sinóptico - El cuarto evangelio - Orígenes sinópticos
563 _aPasta dura
630 7 _aBiblia.
_pEvangelios
_xCrítica, interpretación, etc.
653 _aCuarto evangelio
942 _cBK
945 _aJTF-925